000
00248nam a2200097Ia 4500
001
679800
005
20250826161329.0
008
250824s9999 xx 000 0 und d
245
0
_a
TAVAN ARASINA YOLCULUK
_c
DAN GORDON
260
_b
GÜNIŞIĞI YAYINLARI
999
_c
679800
_d
679800